[Event "31st Roquetas de Mar Open 2020"]
[Site "Roquetas de Mar"]
[Date "2020.01.06"]
[Round "7.11"]
[White "Manu David Suthandram R"]
[Black "Sadzikowski, Daniel"]
[Result "0-1"]
[WhiteElo "2362"]
[BlackElo "2501"]
[Annotator "RC"]
[PlyCount "164"]
[EventDate "2020.01.02"]
[EventType "swiss"]
[EventCountry "ESP"]
[SourceTitle "playchess.com"]
[Source "ChessBase"]
[SourceQuality "1"]
[TimeControl "5400+30"]

1. e4 {[%emt 0:07:57]} c5 {[%emt 0:00:06]} 2. Nf3 {[%emt 0:00:16]} e6 {[%emt 0:00:27]} 3. Nc3 {[%emt 0:01:01]} Nc6 {[%emt 0:01:04]} 4. Bb5 {[%emt 0:00:20]} Nge7 {[%emt 0:00:35]} 5. O-O {[%emt 0:00:39]} a6 {[%emt 0:00:32]} 6. Bxc6 {[%emt 0:00:22]} Nxc6 {[%emt 0:00:07]} 7. e5 {[%emt 0:00:05]} d6 {[%emt 0:00:50]} 8. exd6 {[%emt 0:00:11]} Bxd6 {[%emt 0:00:25]} 9. d3 {[%emt 0:00:03]} O-O {[%emt 0:02:20]} 10. Re1 {[%emt 0:00:08]} b6 {[%emt 0:01:51]} 11. Ne4 {[%emt 0:10:26]} Bc7 {[%emt 0:04:06]} 12. Bg5 {[%emt 0:12:07]} f6 {[%emt 0:01:14]} 13. Bh4 {[%emt 0:02:09]} e5 {[%emt 0:03:23]} 14. c3 {[%emt 0:12:34]} Kh8 {[%emt 0:10:12]} 15. Qd2 {[%emt 0:00:26]} Bg4 {[%emt 0:02:13]} 16. Qe3 {[%emt 0:00:36]} Qd7 {[%emt 0:01:27]} 17. h3 {[%emt 0:02:47]} Bh5 {[%emt 0:02:26]} 18. g4 {[%emt 0:02:22]} Bg6 {[%emt 0:01:10]} 19. Bg3 {[%emt 0:04:45]} f5 {[%emt 0:00:07]} 20. gxf5 {[%emt 0:00:10]} Bxf5 {[%emt 0:00:07]} 21. Nh4 {[%emt 0:03:29]} Bxh3 {[%emt 0:21:59]} 22. Ng5 {[%emt 0:00:28]} Bf5 {[%emt 0:00:18]} 23. Rad1 {[%emt 0:00:59]} h6 {[%emt 0:01:36]} 24. Ngf3 {[%emt 0:00:23]} Bh7 {[%emt 0:08:16]} 25. Nxe5 {[%emt 0:03:15]} Bxe5 {[%emt 0:02:01]} 26. Bxe5 {[%emt 0:00:13]} Nxe5 {[%emt 0:00:07]} 27. Qxe5 {[%emt 0:00:16]} Rae8 {[%emt 0:00:10]} 28. Qh5 {[%emt 0:01:08]} Rxe1+ {[%emt 0:00:38]} 29. Rxe1 {[%emt 0:00:06]} Bxd3 {[%emt 0:03:11]} 30. Re3 {[%emt 0:02:21]} Bb1 {[%emt 0:02:00]} 31. Qe2 {[%emt 0:00:15]} Rf6 {[%emt 0:11:49]} 32. b3 {[%emt 0:07:46]} a5 {[%emt 0:00:57]} 33. a3 {[%emt 0:02:43]} Qd5 {[%emt 0:01:24]} 34. c4 {[%emt 0:05:46]} Qg5+ {[%emt 0:01:11]} 35. Ng2 {[%emt 0:00:03]} Bf5 {[%emt 0:02:11]} 36. Qd1 {[%emt 0:00:37]} Re6 {[%emt 0:03:22]} 37. Rg3 {[%emt 0:01:51]} Qe7 {[%emt 0:00:36]} 38. Qh5 Be4 {[%emt 0:03:38]} 39. Nf4 {[%emt 0:05:12]} Re5 {[%emt 0:00:21]} 40. Qe2 {[%emt 0:00:02]} Kh7 {[%emt 0:01:14]} 41. Qg4 {[%emt 0:01:57]} Bf5 {[%emt 0:02:47]} 42. Qh5 {[%emt 0:00:06]} Bc2 {[%emt 0:00:43]} 43. Qh3 {[%emt 0:01:34]} Re1+ {[%emt 0:00:45]} 44. Kh2 {[%emt 0:00:14]} Be4 {[%emt 0:02:20]} 45. Ng2 {[%emt 0:00:54]} Bxg2 {[%emt 0:01:22]} 46. Qf5+ {[%emt 0:00:06]} Kg8 {[%emt 0:00:33]} 47. Kxg2 {[%emt 0:03:38]} Re5 {[%emt 0:01:09]} 48. Qg6 {[%emt 0:00:34]} Re6 {[%emt 0:00:05]} 49. Qg4 {[%emt 0:00:44]} Qf6 {[%emt 0:00:47]} 50. Rf3 {[%emt 0:02:20]} Qg6 {[%emt 0:00:31]} 51. Qxg6 {[%emt 0:00:55]} Rxg6+ {[%emt 0:00:01]} 52. Kf1 {[%emt 0:00:09]} Rd6 {[%emt 0:01:35]} 53. Ke2 {[%emt 0:03:23]} Kh7 {[%emt 0:00:32]} 54. Rf5 {[%emt 0:01:02]} Kg6 {[%emt 0:00:22]} 55. Re5 {[%emt 0:00:06]} Kf6 {[%emt 0:00:10]} 56. Rh5 {[%emt 0:00:03]} Rd4 {[%emt 0:00:32]} 57. a4 {[%emt 0:00:03]} Re4+ {[%emt 0:00:43]} 58. Kf3 {[%emt 0:01:31]} Re1 {[%emt 0:01:26]} 59. Rd5 {[%emt 0:00:03]} Ke6 {[%emt 0:00:46]} 60. Rd3 {[%emt 0:00:02]} h5 {[%emt 0:00:29]} 61. Kg3 {[%emt 0:01:29]} g5 {[%emt 0:00:21]} 62. Rd5 {[%emt 0:01:59]} Re5 {[%emt 0:00:02]} 63. Rd8 {[%emt 0:00:11]} Kf5 {[%emt 0:00:28]} 64. f3 {[%emt 0:01:19]} Re6 {[%emt 0:00:38]} 65. Rd5+ {[%emt 0:00:22]} Kg6 {[%emt 0:00:11]} 66. Rd8 {[%emt 0:00:54]} Re3 {[%emt 0:01:05]} 67. Rd6+ {[%emt 0:00:12]} Kf5 {[%emt 0:00:24]} 68. Rd5+ {[%emt 0:00:13]} Kf6 {[%emt 0:00:09]} 69. Rd6+ {[%emt 0:00:03]} Re6 {[%emt 0:01:09]} 70. Rd5 {[%emt 0:00:31]} Re3 {[%emt 0:00:36]} 71. Rd6+ {[%emt 0:00:06]} Kf7 {[%emt 0:00:05]} 72. Rd5 {[%emt 0:01:56]} g4 {[%emt 0:00:31]} 73. Rxh5 {[%emt 0:00:03]} Rxf3+ {[%emt 0:00:21]} 74. Kxg4 {[%emt 0:00:03]} Rxb3 {[%emt 0:00:06]} 75. Kf5 {[%emt 0:00:03]} Ke7 {[%emt 0:00:18]} 76. Rh7+ {[%emt 0:00:51]} Kd6 {[%emt 0:00:08]} 77. Rh6+ {[%emt 0:01:17]} Kc7 {[%emt 0:00:01]} 78. Rh7+ {[%emt 0:00:22]} Kc6 {[%emt 0:00:04]} 79. Rh6+ {[%emt 0:00:19]} Kb7 {[%emt 0:00:01]} 80. Rh7+ {[%emt 0:00:51]} Ka6 {[%emt 0:00:02]} 81. Ke6 {[%emt 0:00:10]} Rd3 {[%emt 0:00:06]} 82. Rd7 {[%emt 0:00:12]} Rxd7 {[%emt 0:00:52]} 0-1

[Event "31st Roquetas de Mar Open 2020"]
[Site "Roquetas de Mar"]
[Date "2020.01.06"]
[Round "7.12"]
[White "Piceu, Tom"]
[Black "Vazquez Igarza, Renier"]
[Result "0-1"]
[WhiteElo "2366"]
[BlackElo "2552"]
[Annotator "RC"]
[PlyCount "90"]
[EventDate "2020.01.02"]
[EventType "swiss"]
[EventCountry "ESP"]
[SourceTitle "playchess.com"]
[Source "ChessBase"]
[SourceQuality "1"]
[TimeControl "5400+30"]

1. d4 Nf6 2. c4 e6 3. Nf3 c5 4. e3 a6 5. Nc3 d5 6. dxc5 Bxc5 7. cxd5 exd5 8. Be2 Nc6 9. O-O O-O 10. b3 d4 11. Na4 Ba7 12. Nxd4 Nxd4 13. exd4 Bxd4 14. Bb2 Bxb2 15. Nxb2 Bf5 16. Bf3 Be4 17. Bxe4 Nxe4 18. Re1 Qxd1 19. Raxd1 Nc3 20. Rd7 b5 21. a4 Rfd8 22. Ree7 Ne2+ 23. Kf1 Nd4 24. b4 Nc6 25. Rxf7 Rxd7 26. Rxd7 Nxb4 27. Nd3 Nxd3 28. Rxd3 b4 29. a5 Rb8 30. Rb3 Kf7 31. Ke2 Ke6 32. Kd3 Kd5 33. Kc2 Rc8+ 34. Kb2 Kc4 35. Rg3 g6 36. h4 Rd8 37. Rg4+ Kb5 38. h5 gxh5 39. Rg5+ Ka4 40. f4 Rd2+ 41. Kb1 Rf2 42. f5 h4 43. Rh5 Ka3 44. Rxh4 Rf1+ 45. Kc2 b3+ 0-1

[Event "31st Roquetas de Mar Open 2020"]
[Site "Roquetas de Mar"]
[Date "2020.01.06"]
[Round "7.13"]
[White "Khudov, Oleksandr"]
[Black "Lopez Martinez, Josep Manuel"]
[Result "0-1"]
[WhiteElo "2234"]
[BlackElo "2545"]
[Annotator "RC"]
[PlyCount "76"]
[EventDate "2020.01.02"]
[EventType "swiss"]
[EventCountry "ESP"]
[SourceTitle "playchess.com"]
[Source "ChessBase"]
[SourceQuality "1"]
[TimeControl "5400+30"]

1. d4 Nf6 2. Bf4 b6 3. e3 Bb7 4. Nf3 d6 5. h3 g6 6. Be2 Bg7 7. O-O O-O 8. c3 e6 9. Nbd2 Nbd7 10. Bh2 Qe7 11. Bd3 e5 12. e4 Nh5 13. Re1 Nf4 14. Bf1 Ne6 15. Nc4 Rad8 16. a4 a5 17. d5 Ng5 18. Nxg5 Qxg5 19. b4 Ra8 20. bxa5 bxa5 21. Rb1 Nc5 22. Nb2 Bc8 23. Nd3 Nxd3 24. Qxd3 f5 25. f3 fxe4 26. fxe4 Bh6 27. c4 Qd2 28. Qa3 Ba6 29. Kh1 Rab8 30. Bg1 Rb4 31. Red1 Qc2 32. Bd3 Qxa4 33. Qc3 Bxc4 34. Ra1 Qb3 35. Qxb3 Bxb3 36. Rf1 Rxf1 37. Rxf1 a4 38. Ba6 Rxe4 0-1

[Event "31st Roquetas de Mar Open 2020"]
[Site "Roquetas de Mar"]
[Date "2020.01.06"]
[Round "7.14"]
[White "Martin Carmona, Gaston Manuel"]
[Black "Villanueva, Mario"]
[Result "1/2-1/2"]
[WhiteElo "2211"]
[BlackElo "2488"]
[Annotator "RC"]
[PlyCount "86"]
[EventDate "2020.01.02"]
[EventType "swiss"]
[EventCountry "ESP"]
[SourceTitle "playchess.com"]
[Source "ChessBase"]
[SourceQuality "1"]
[TimeControl "5400+30"]

1. d4 {[%emt 0:05:53]} e6 {[%emt 0:00:00]} 2. Nf3 {[%emt 0:00:47]} Nf6 {[%emt 0:00:02]} 3. c4 {[%emt 0:00:06]} b6 {[%emt 0:00:18]} 4. a3 {[%emt 0:00:13]} Bb7 {[%emt 0:00:34]} 5. Nc3 {[%emt 0:00:17]} Ne4 {[%emt 0:01:14]} 6. Qc2 {[%emt 0:04:01]} Nxc3 {[%emt 0:01:00]} 7. Qxc3 {[%emt 0:01:39]} Be7 {[%emt 0:00:53]} 8. g3 {[%emt 0:04:04]} O-O {[%emt 0:02:10]} 9. Bg2 {[%emt 0:00:32]} c5 {[%emt 0:00:09]} 10. O-O {[%emt 0:04:16]} cxd4 {[%emt 0:03:50]} 11. Nxd4 {[%emt 0:01:15]} Qc8 {[%emt 0:00:37]} 12. Be3 {[%emt 0:03:41]} d6 {[%emt 0:03:15]} 13. Rfd1 {[%emt 0:01:40]} a6 {[%emt 0:00:38]} 14. Nf3 {[%emt 0:03:46]} Nd7 {[%emt 0:01:51]} 15. Bd4 {[%emt 0:11:37]} e5 {[%emt 0:06:14]} 16. Be3 {[%emt 0:00:53]} h6 {[%emt 0:00:13]} 17. b4 {[%emt 0:04:30]} Rd8 {[%emt 0:12:52]} 18. Rac1 {[%emt 0:03:23]} Qc7 {[%emt 0:00:10]} 19. Qb3 {[%emt 0:03:53]} Rac8 {[%emt 0:04:09]} 20. Bh3 {[%emt 0:07:40]} Ba8 {[%emt 0:00:24]} 21. Qb1 {[%emt 0:08:33]} Qb7 {[%emt 0:05:06]} 22. Bf5 {[%emt 0:05:23]} Rc7 {[%emt 0:03:09]} 23. Rc2 {[%emt 0:02:53]} Nf6 {[%emt 0:06:09]} 24. Qa2 {[%emt 0:01:56]} g6 {[%emt 0:05:00]} 25. Bh3 {[%emt 0:00:22]} Kg7 {[%emt 0:00:21]} 26. Bg2 {[%emt 0:00:32]} Qb8 {[%emt 0:01:08]} 27. Qb2 {[%emt 0:00:31]} Be4 {[%emt 0:03:18]} 28. Rc3 {[%emt 0:01:14]} b5 {[%emt 0:05:49]} 29. Nd2 {[%emt 0:06:04]} Bxg2 {[%emt 0:00:51]} 30. Kxg2 {[%emt 0:00:01]} d5 {[%emt 0:02:49]} 31. cxd5 {[%emt 0:02:51]} Rxc3 {[%emt 0:00:53]} 32. Qxc3 {[%emt 0:00:02]} Nxd5 {[%emt 0:00:06]} 33. Qb3 {[%emt 0:02:08]} Nxe3+ {[%emt 0:02:30]} 34. fxe3 {[%emt 0:00:31]} Qd6 {[%emt 0:00:31]} 35. Rf1 {[%emt 0:00:20]} Bf6 {[%emt 0:05:08]} 36. Ne4 {[%emt 0:02:21]} Qc6 {[%emt 0:00:08]} 37. Qb1 {[%emt 0:00:01]} Be7 {[%emt 0:02:41]} 38. Rc1 {[%emt 0:00:01]} Qd5 {[%emt 0:01:38]} 39. Kf2 {[%emt 0:00:19]} Rd7 {[%emt 0:02:02]} 40. Nc5 {[%emt 0:00:38]} Rd6 {[%emt 0:01:01]} 41. Ne4 {[%emt 0:01:29]} Rd7 {[%emt 0:01:05]} 42. Nc5 {[%emt 0:00:18]} Rd6 {[%emt 0:02:41]} 43. Ne4 {[%emt 0:00:24]} Rd7 1/2-1/2

[Event "31st Roquetas de Mar Open 2020"]
[Site "Roquetas de Mar"]
[Date "2020.01.06"]
[Round "7.15"]
[White "Shahil Dey"]
[Black "Raja Harshit"]
[Result "0-1"]
[WhiteElo "2148"]
[BlackElo "2482"]
[Annotator "RC"]
[PlyCount "58"]
[EventDate "2020.01.02"]
[EventType "swiss"]
[EventCountry "ESP"]
[SourceTitle "playchess.com"]
[Source "ChessBase"]
[SourceQuality "1"]
[TimeControl "5400+30"]

1. e4 c5 2. Nf3 d6 3. d4 cxd4 4. Nxd4 Nf6 5. Nc3 a6 6. Bg5 e6 7. f4 Qc7 8. Qe2 Nbd7 9. O-O-O b5 10. a3 Be7 11. g4 Rb8 12. Bg2 h6 13. Bxf6 Bxf6 14. h4 b4 15. axb4 Rxb4 16. e5 dxe5 17. Nc6 Rxf4 18. Ne4 O-O 19. g5 Bb7 20. Nb4 Bxe4 21. Bxe4 Nc5 22. gxf6 Nxe4 23. Nd3 Qa5 24. c3 Rc8 25. Qg2 Qa1+ 26. Kc2 Qa4+ 27. Kb1 Rxf6 28. Rhg1 Rg6 29. Qh2 Qb3 0-1

[Event "31st Roquetas de Mar Open 2020"]
[Site "Roquetas de Mar"]
[Date "2020.01.06"]
[Round "7.16"]
[White "Gascon Del Nogal, Jose Rafael"]
[Black "Low, Zhen Yu Cyrus"]
[Result "0-1"]
[WhiteElo "2466"]
[BlackElo "2415"]
[Annotator "RC"]
[PlyCount "116"]
[EventDate "2020.01.02"]
[EventType "swiss"]
[EventCountry "ESP"]
[SourceTitle "playchess.com"]
[Source "ChessBase"]
[SourceQuality "1"]
[TimeControl "5400+30"]

1. e4 {[%emt 0:06:41]} c5 {[%emt 0:00:00]} 2. Nf3 {[%emt 0:00:07]} d6 {[%emt 0:00:00]} 3. Bb5+ {[%emt 0:00:21]} Nd7 {[%emt 0:00:00]} 4. O-O {[%emt 0:00:26]} a6 {[%emt 0:00:17]} 5. Bd3 {[%emt 0:00:12]} Ngf6 {[%emt 0:00:23]} 6. c3 {[%emt 0:00:06]} b5 {[%emt 0:07:10]} 7. a4 {[%emt 0:00:11]} Bb7 {[%emt 0:00:35]} 8. axb5 {[%emt 0:01:15]} axb5 {[%emt 0:00:12]} 9. Rxa8 {[%emt 0:00:30]} Qxa8 {[%emt 0:00:09]} 10. Bxb5 {[%emt 0:01:16]} Bxe4 {[%emt 0:00:47]} 11. Na3 {[%emt 0:01:05]} e6 {[%emt 0:02:33]} 12. d4 {[%emt 0:00:46]} cxd4 {[%emt 0:06:49]} 13. Bg5 {[%emt 0:29:54]} Be7 {[%emt 0:14:15]} 14. Bxf6 {[%emt 0:01:21]} gxf6 {[%emt 0:08:15]} 15. Nc4 {[%emt 0:00:15]} Bxf3 {[%emt 0:11:11]} 16. Qxf3 {[%emt 0:01:08]} Qxf3 {[%emt 0:00:23]} 17. gxf3 {[%emt 0:00:03]} Rg8+ {[%emt 0:00:32]} 18. Kh1 {[%emt 0:00:11]} Rg5 {[%emt 0:00:30]} 19. Bxd7+ {[%emt 0:01:15]} Kxd7 {[%emt 0:00:07]} 20. cxd4 {[%emt 0:01:38]} d5 {[%emt 0:05:43]} 21. Ne3 {[%emt 0:00:55]} Bd8 {[%emt 0:00:22]} 22. f4 {[%emt 0:01:53]} Rh5 {[%emt 0:02:06]} 23. Kg2 {[%emt 0:14:55]} Bb6 {[%emt 0:07:28]} 24. Rd1 {[%emt 0:00:13]} f5 {[%emt 0:00:19]} 25. Rd3 {[%emt 0:02:08]} Rh6 {[%emt 0:00:36]} 26. Nc2 {[%emt 0:00:40]} Bc7 {[%emt 0:00:33]} 27. Ra3 {[%emt 0:01:13]} Rg6+ {[%emt 0:04:00]} 28. Kf1 {[%emt 0:00:05]} Rh6 {[%emt 0:02:07]} 29. Kg2 {[%emt 0:01:37]} Rh4 {[%emt 0:00:52]} 30. h3 {[%emt 0:10:21]} Rxf4 {[%emt 0:00:30]} 31. Ra6 {[%emt 0:01:16]} Re4 {[%emt 0:01:37]} 32. Kf1 {[%emt 0:03:07]} Kc8 {[%emt 0:01:33]} 33. Ra8+ {[%emt 0:00:35]} Bb8 {[%emt 0:00:06]} 34. Ra3 {[%emt 0:02:45]} Rh4 {[%emt 0:00:42]} 35. Rc3+ {[%emt 0:00:21]} Bc7 {[%emt 0:01:06]} 36. Ke2 {[%emt 0:01:11]} Kb7 {[%emt 0:00:39]} 37. Rf3 {[%emt 0:05:09]} Bb6 {[%emt 0:00:56]} 38. Kd3 {[%emt 0:00:16]} Kc6 {[%emt 0:00:09]} 39. Kc3 {[%emt 0:02:24]} Kd6 {[%emt 0:00:13]} 40. Kd3 {[%emt 0:01:11]} f6 {[%emt 0:04:16]} 41. b4 {[%emt 0:03:07]} e5 {[%emt 0:03:39]} 42. dxe5+ {[%emt 0:00:50]} fxe5 {[%emt 0:00:05]} 43. Rxf5 {[%emt 0:00:44]} Ke6 {[%emt 0:01:03]} 44. Rf8 {[%emt 0:00:11]} Rxh3+ {[%emt 0:00:07]} 45. Ke2 {[%emt 0:00:06]} d4 {[%emt 0:01:55]} 46. f3 {[%emt 0:00:03]} Kd5 {[%emt 0:00:20]} 47. Rf6 {[%emt 0:01:08]} Bd8 {[%emt 0:00:41]} 48. Rf8 {[%emt 0:00:47]} Rh2+ {[%emt 0:00:30]} 49. Kf1 {[%emt 0:01:31]} Rxc2 {[%emt 0:02:52]} 50. Rxd8+ {[%emt 0:00:02]} Kc4 {[%emt 0:00:12]} 51. Rc8+ {[%emt 0:00:19]} Kb3 {[%emt 0:00:26]} 52. Rd8 {[%emt 0:00:24]} Kxb4 {[%emt 0:08:26]} 53. f4 {[%emt 0:00:18]} Kc4 {[%emt 0:01:24]} 54. fxe5 {[%emt 0:00:36]} d3 {[%emt 0:00:01]} 55. e6 {[%emt 0:02:08]} Re2 {[%emt 0:00:10]} 56. Rd6 {[%emt 0:01:28]} h5 {[%emt 0:00:57]} 57. Ra6 {[%emt 0:00:11]} h4 {[%emt 0:00:53]} 58. Ra4+ {[%emt 0:02:00]} Kb3 {[%emt 0:00:11]} 0-1

[Event "31st Roquetas de Mar Open 2020"]
[Site "Roquetas de Mar"]
[Date "2020.01.06"]
[Round "7.17"]
[White "Kiselev, Pavel"]
[Black "Real De Azua, Ernesto"]
[Result "0-1"]
[WhiteElo "2303"]
[BlackElo "2456"]
[Annotator "RC"]
[PlyCount "32"]
[EventDate "2020.01.02"]
[EventType "swiss"]
[EventCountry "ESP"]
[SourceTitle "playchess.com"]
[Source "ChessBase"]
[SourceQuality "1"]
[TimeControl "5400+30"]

1. Nf3 {[%emt 0:00:00]} Nf6 {[%emt 0:01:47]} 2. c4 {[%emt 0:00:00]} g6 {[%emt 0:07:31]} 3. Nc3 {[%emt 0:00:00]} d5 {[%emt 0:00:07]} 4. Qa4+ {[%emt 0:00:00]} Bd7 {[%emt 0:05:33]} 5. Qb3 {[%emt 0:03:05]} dxc4 {[%emt 0:00:08]} 6. Qxc4 {[%emt 0:00:48]} Bg7 {[%emt 0:00:34]} 7. Ne5 {[%emt 0:03:11]} Be6 {[%emt 0:05:14]} 8. Qb5+ {[%emt 0:00:48]} Nbd7 {[%emt 0:00:11]} 9. Nxd7 {[%emt 0:02:00]} Qxd7 {[%emt 0:02:29]} 10. Qxb7 {[%emt 0:01:31]} O-O {[%emt 0:00:10]} 11. g3 {[%emt 0:01:45]} Nd5 {[%emt 0:09:48]} 12. Qb5 {[%emt 0:18:42]} Qxb5 {[%emt 0:05:06]} 13. Nxb5 {[%emt 0:00:02]} Nb4 {[%emt 0:00:06]} 14. Na3 {[%emt 0:01:30]} Nxa2 {[%emt 0:01:40]} 15. Bh3 {[%emt 0:02:06]} Nxc1 {[%emt 0:02:51]} 16. Bxe6 {[%emt 0:00:02]} fxe6 {[%emt 0:04:47]} 0-1

[Event "31st Roquetas de Mar Open 2020"]
[Site "Roquetas de Mar"]
[Date "2020.01.06"]
[Round "8.1"]
[White "Bjerre, Jonas Buhl"]
[Black "Grigoryan, Karen H."]
[Result "1/2-1/2"]
[WhiteElo "2535"]
[BlackElo "2632"]
[Annotator "TA"]
[PlyCount "60"]
[EventDate "2020.01.02"]
[EventType "swiss"]
[EventCountry "ESP"]
[SourceTitle "playchess.com"]
[Source "ChessBase"]
[SourceQuality "1"]

{[%evp 17,60,41,43,31,32,37,39,33,58,58,59,55,56,37,43,52,52,42,40,40,69,68,58,42,30,30,36,-8,19,29,16,13,54,52,120,68,117,56,72,56,56,56,52,56,57]} 1. e4 e5 2. Nf3 Nc6 3. Bb5 a6 4. Ba4 d6 5. c3 Bd7 6. d4 g6 7. O-O Bg7 8. Re1 Nge7 9. h3 O-O 10. Be3 {C76: Ruy Lopez: Deferred Steinitz: 5 c3 Bd7 6 d4 g6} h6 11. Nbd2 Kh7 12. Bc2 b6 $146 ({Predecessor:} 12... exd4 13. Nxd4 f5 14. exf5 Nxf5 15. N2f3 Qf6 16. Nxf5 Bxf5 17. Nd4 Bxc2 18. Qxc2 {1-0 (49) Vallejo Pons,F (2707)-Short,N (2678) Riadh 2017}) 13. Nf1 exd4 14. cxd4 Nb4 15. Bb3 f5 16. exf5 Nxf5 17. a3 Nc6 18. Rc1 {[%cal Ba1c1,Bc1c2,Bc2e2,Be2e7,Be7d7][%mdl 32]} Nce7 19. Rc2 c6 20. Bc1 {Strongly threatening g4.} c5 21. dxc5 bxc5 22. Ne3 Rb8 (22... Bc6 $5 {[%cal Rc6f3]} 23. Nxf5 Bxf3 24. Qxf3 Nxf5 $11) 23. Nxf5 Nxf5 24. Rce2 Qf6 25. Bd5 a5 ({Black should try} 25... Rbe8 $14) 26. b3 (26. Qd2 $16) 26... Nd4 27. Nxd4 (27. Re7 $16 Bc6 28. Bxc6 Nxc6 29. R7e6) 27... cxd4 $14 28. Qd2 {[#] Black must now prevent Re7!} Rb5 {White is slightly better.} 29. Re7 {[%csl Gc1][%cal Rd2h6]} Rxd5 30. Rxd7 {Ree7! is the strong threat.} Rf7 {Accuracy: White = 45%, Black = 41%.} 1/2-1/2

[Event "31st Roquetas de Mar Open 2020"]
[Site "Roquetas de Mar"]
[Date "2020.01.06"]
[Round "8.2"]
[White "Bernadskiy, Vitaliy"]
[Black "Harutyunian, Tigran K."]
[Result "1-0"]
[WhiteElo "2588"]
[BlackElo "2533"]
[Annotator "RC"]
[PlyCount "103"]
[EventDate "2020.01.02"]
[EventType "swiss"]
[EventCountry "ESP"]
[SourceTitle "playchess.com"]
[Source "ChessBase"]
[SourceQuality "1"]
[TimeControl "5400+30"]

1. e4 {[%emt 0:00:00]} e5 {[%emt 0:01:36]} 2. Nc3 {[%emt 0:00:00]} Nf6 {[%emt 0:01:04]} 3. g3 {[%emt 0:00:00]} d5 {[%emt 0:01:51]} 4. exd5 {[%emt 0:00:00]} Nxd5 {[%emt 0:00:07]} 5. Bg2 {[%emt 0:00:00]} Nxc3 {[%emt 0:00:43]} 6. bxc3 {[%emt 0:00:00]} Bc5 {[%emt 0:00:51]} 7. Nf3 {[%emt 0:01:14]} Nc6 {[%emt 0:03:48]} 8. O-O {[%emt 0:03:06]} O-O {[%emt 0:00:08]} 9. Re1 {[%emt 0:02:33]} Bb6 {[%emt 0:19:49]} 10. a4 {[%emt 0:01:11]} Re8 {[%emt 0:01:19]} 11. d3 {[%emt 0:02:33]} Bg4 {[%emt 0:02:08]} 12. h3 {[%emt 0:01:32]} Bh5 {[%emt 0:00:06]} 13. g4 {[%emt 0:03:51]} Bg6 {[%emt 0:00:29]} 14. Ng5 {[%emt 0:04:52]} h6 {[%emt 0:06:27]} 15. Ne4 {[%emt 0:00:18]} f5 {[%emt 0:00:11]} 16. gxf5 {[%emt 0:01:47]} Bxf5 {[%emt 0:03:08]} 17. Qh5 {[%emt 0:00:39]} Rf8 {[%emt 0:01:01]} 18. Be3 {[%emt 0:02:17]} Qe8 {[%emt 0:05:05]} 19. Qxe8 {[%emt 0:12:29]} Raxe8 {[%emt 0:00:16]} 20. Nc5 {[%emt 0:06:40]} Bxc5 {[%emt 0:05:43]} 21. Bxc5 {[%emt 0:00:06]} Rf6 {[%emt 0:00:07]} 22. f4 {[%emt 0:11:10]} b6 {[%emt 0:10:37]} 23. Bd4 {[%emt 0:06:05]} Rfe6 {[%emt 0:08:39]} 24. fxe5 {[%emt 0:00:07]} Rd8 {[%emt 0:00:27]} 25. Bf2 {[%emt 0:06:03]} Nxe5 {[%emt 0:02:44]} 26. Bg3 {[%emt 0:00:05]} Nf7 {[%emt 0:01:11]} 27. Rxe6 {[%emt 0:13:43]} Bxe6 {[%emt 0:00:06]} 28. Re1 {[%emt 0:00:31]} Bd7 {[%emt 0:02:05]} 29. Bxc7 {[%emt 0:01:46]} Re8 {[%emt 0:07:28]} 30. Rxe8+ {[%emt 0:03:29]} Bxe8 {[%emt 0:00:08]} 31. a5 {[%emt 0:00:27]} bxa5 {[%emt 0:00:05]} 32. Bxa5 {[%emt 0:02:21]} Ba4 {[%emt 0:00:04]} 33. c4 {[%emt 0:00:08]} Bxc2 {[%emt 0:00:40]} 34. d4 {[%emt 0:00:03]} Kf8 {[%emt 0:00:31]} 35. c5 {[%emt 0:00:13]} Ke7 {[%emt 0:01:29]} 36. d5 {[%emt 0:00:58]} g5 {[%emt 0:05:53]} 37. Bc3 {[%emt 0:01:13]} h5 {[%emt 0:00:41]} 38. Kf2 {[%emt 0:00:29]} g4 {[%emt 0:01:05]} 39. h4 {[%emt 0:00:46]} Nh6 {[%emt 0:00:18]} 40. c6 {[%emt 0:01:34]} Bf5 {[%emt 0:05:41]} 41. Bb4+ {[%emt 0:00:16]} Ke8 {[%emt 0:00:31]} 42. d6 {[%emt 0:00:58]} Nf7 {[%emt 0:00:04]} 43. Ke3 {[%emt 0:01:23]} a5 {[%emt 0:02:41]} 44. Ba3 {[%emt 0:00:05]} a4 {[%emt 0:00:47]} 45. Kf4 {[%emt 0:00:11]} Be6 {[%emt 0:00:36]} 46. Be4 {[%emt 0:01:35]} Kd8 {[%emt 0:00:04]} 47. Bb4 {[%emt 0:00:17]} Kc8 {[%emt 0:00:29]} 48. Bd3 {[%emt 0:00:33]} Kb8 {[%emt 0:00:37]} 49. Bg6 {[%emt 0:00:15]} a3 {[%emt 0:01:13]} 50. Bxf7 {[%emt 0:01:20]} a2 {[%emt 0:00:08]} 51. c7+ {[%emt 0:00:17]} Kb7 {[%emt 0:00:13]} 52. Bxe6 {[%emt 0:00:05]} 1-0

[Event "31st Roquetas de Mar Open 2020"]
[Site "Roquetas de Mar"]
[Date "2020.01.06"]
[Round "8.3"]
[White "Gines Esteo, Pedro Antonio"]
[Black "Sivuk, Vitaly"]
[Result "1/2-1/2"]
[WhiteElo "2482"]
[BlackElo "2579"]
[Annotator "TA"]
[PlyCount "65"]
[EventDate "2020.01.02"]
[EventType "swiss"]
[EventCountry "ESP"]
[SourceTitle "playchess.com"]
[Source "ChessBase"]
[SourceQuality "1"]

{[%evp 16,65,14,20,22,-12,-21,-65,-87,-81,-87,-79,-56,-135,-127,-263,-262,-231,-258,-227,-88,-89,-86,-107,45,17,85,88,91,0,0,-23,-40,-30,0,0,0,0,0,0,0,0,0,0,0,0,0,0,0,0,0,0]} 1. Nf3 g6 2. d4 Nf6 3. c4 Bg7 4. Nc3 d5 5. cxd5 Nxd5 6. Na4 O-O 7. e4 Nb6 8. Be3 Bg4 9. Nc5 Nc6 {[%cal Bb8c6,Bc6e5,Be5f3][%mdl 32] D85: Exchange Grünfeld: Unusual White 7th moves and lines with 7 Nf3} 10. d5 Ne5 $1 11. Rc1 e6 $1 {[%cal Re6d5] Black is slightly better.} 12. Be2 $146 ({Predecessor:} 12. Nxb7 Qc8 13. Nd6 Qd8 14. Nb7 Qb8 15. Ba6 exd5 16. exd5 Nxf3+ 17. gxf3 {0-1 (25) Slonimskij,A (2176)-Erdos,V (2615) Jerusalem 2015}) 12... Bxf3 $1 13. Bxf3 exd5 14. Nxb7 (14. O-O $1 $15) 14... Qh4 15. exd5 (15. O-O $17) 15... Nxf3+ $19 16. Qxf3 Qb4+ $1 (16... Bxb2 17. Rxc7 Qb4+ 18. Kf1) 17. Kf1 Qxb2 (17... Nc4 $19 {is more deadly.} 18. Nc5 Nxe3+ 19. fxe3 Qxb2) 18. g3 $17 Qxa2 19. Bxb6 cxb6 $2 (19... axb6 $17 20. Kg2 f5 21. Rxc7 f4 $1 {[%mdl 512]}) 20. d6 a5 {[#]} (20... Qa4 $11) 21. Kg2 $1 $16 a4 {[#]} 22. d7 (22. Rcd1 $1 $16 {d7 is the strong threat.} Qb3 23. Rd3) 22... Qb3 $1 $11 23. Rhd1 Qxf3+ $1 24. Kxf3 Bf6 25. Rc6 {The position is equal.} Be7 26. Re1 Bc5 27. Nxc5 bxc5 28. Rxc5 {KRR-KRR} Rfd8 29. Rd5 a3 30. Ra1 Ra7 31. Rd3 Rdxd7 32. Rxd7 Rxd7 33. Rxa3 {Accuracy: White = 50%, Black = 62%.} 1/2-1/2